| 000 | 00734nam a22002297a 4500 | ||
|---|---|---|---|
| 999 |
_c2000 _d2000 |
||
| 003 | AR-CdUCM | ||
| 008 | 190228b ||||| |||| 00| 0 spa d | ||
| 040 |
_aMUNICIPALIDAD PROVINCIAL DEL CUSCO _cBIBLIOTECA MUNICIPAL DEL CUSCO |
||
| 082 |
_a327.85 / _bAR76 |
||
| 100 |
_aDe Arona, Juan _97281 |
||
| 245 |
_aPaginas Diplomaticas del Perú / _cDe Arona, Juan |
||
| 260 |
_aLima : _bImprenta de la escuela de Ingenieros, _c1891. |
||
| 300 |
_a315 paginas ; _c22cm. |
||
| 500 | _aAcademia Diplomatica del Perú | ||
| 650 |
_aHistoria _9136 |
||
| 650 |
_aLiteratura Diplomatica _97282 |
||
| 650 |
_aPeru _9429 |
||
| 700 |
_aDe Arona, Juan _97281 |
||
| 700 |
_anuñez, Estuardo _92660 |
||
| 942 |
_2ddc _cLIBROS |
||
| 945 |
_apjha _d2019-02-28 |
||